| 000 | 00735nam a22002292 4500 | ||
|---|---|---|---|
| 001 | 0000024150 | ||
| 005 | 20151021151150.0 | ||
| 008 | 130614s xx 000 0 eng d | ||
| 020 | _a8177588781 : | ||
| 040 |
_aKABU _cKABU |
||
| 100 | 1 |
_aKurose, James F. _@0000184103 |
|
| 245 | 1 | 0 |
_aComputer networking : _ba top-down approach featuring the internet / _cJames F. Kuroe, Keith W. Ross. |
| 250 | _a3rd ed. | ||
| 260 |
_aNew Delhi : _bPearson, _c2005. |
||
| 300 | _axxiv, 821 p. | ||
| 650 | 0 |
_aInternet. _@0000000969 |
|
| 650 | 0 |
_aComputer networks. _@0000148214 |
|
| 700 | 1 |
_aRoss, Keith W. _@0000184104 |
|
| 852 | 1 | _9p2050 KES | |
| 908 | _a130614 | ||
| 950 | _@1 | ||
| 999 |
_c1394 _d1394 |
||